|
|
|
|
| LEADER |
01619nam a2200265 a 4500 |
| 001 |
GR-Patra26806 |
| 003 |
GR-PaULI |
| 005 |
20221125125151.0 |
| 008 |
080903s2005 gr g b 001 0 eng d |
| 952 |
|
|
|0 0
|1 0
|2 ddc
|4 0
|6 617_585000000000000_06_CLI
|7 0
|9 309332
|a LISP
|b LISP
|c BSC
|d 2021-01-17
|e 24
|f 1
|g 0.00
|i 52088
|l 0
|o 617.585 06 CLI
|p 92410043018
|r 2021-01-17 00:00:00
|t 2
|v 2021.00
|w 2021-01-17
|y BK15
|x 20080903 0 1
|x Μεταφορά από 24103
|x GrPaTEI
|
| 952 |
|
|
|0 0
|1 0
|2 ddc
|4 0
|6 617_585000000000000_06_CLI
|7 0
|9 309333
|a LISP
|b LISP
|c ALFg
|d 2021-01-17
|e 24
|f 0
|g 0.00
|i 43018
|l 0
|o 617.585 06 CLI
|p 025000296127
|r 2021-01-17 00:00:00
|t 3
|v 2021.00
|w 2021-01-17
|y BK15
|x 20121010 0 1
|x Μεταφορά από 24103
|x GrPaTEI
|
| 952 |
|
|
|0 0
|1 0
|2 ddc
|4 0
|6 617_585000000000000_06_CLI
|7 0
|9 309334
|a LISK
|b LISK
|c BSC
|d 2021-01-17
|e 24
|f 0
|g 0.00
|i 52088
|l 0
|o 617.585 06 CLI
|p 025000296126
|r 2021-01-17 00:00:00
|t 1
|v 2021.00
|w 2021-01-17
|y BK15
|x 20130725 0 1
|x GrPaTEI
|
| 999 |
|
|
|c 178130
|d 178130
|
| 020 |
|
|
|a 0443071136
|
| 040 |
|
|
|a GrPaTEI
|b gre
|c GR-PaULI
|e AACR2
|
| 082 |
0 |
4 |
|a 617.585 06
|2 23
|
| 245 |
0 |
0 |
|a Clinical skills in treating the foot /
|c edited by Warren A. Turner, Linda M. Merriman.
|
| 250 |
|
|
|a 2nd ed.
|
| 260 |
|
|
|a Edinburgh :
|b Elsevier,
|c c2005.
|
| 300 |
|
|
|a viii, 486 σ. :
|b εικ. ;
|c 30 εκ.
|
| 504 |
|
|
|a Περιλαμβάνει βιβλιογραφίες και ευρετήριο.
|
| 650 |
|
4 |
|a Άκρα, Κάτω (Ανατομία)
|x Ανωμαλίες και παραμορφώσεις
|9 112202
|
| 700 |
1 |
|
|a Merriman, Linda M.
|9 194703
|e επιμελήτρια.
|
| 700 |
1 |
|
|a Turner, Warren A.
|9 194704
|e επιμελητής.
|
| 942 |
|
|
|2 ddc
|c BK
|